Let's Play English: (Record no. 187300)

MARC details
000 -LEADER
fixed length control field 00588nam a22001817a 4500
005 - DATE AND TIME OF LATEST TRANSACTION
control field 20220411161033.0
010 ## - LCCN (DPL NO)
LC control number ENG-132264
020 ## - INTERNATIONAL STANDARD BOOK NUMBER
International Standard Book Number 9789386385529
Terms of availability 450.00
035 ## - SYSTEM CONTROL NUMBER
System control number EN-115796
037 ## - SOURCE OF ACQUISITION
Source of stock number/acquisition DBAD/PUB
082 ## - DEWEY DECIMAL CLASSIFICATION NUMBER
Classification number 488.0071
100 ## - MAIN ENTRY--PERSONAL NAME
Personal name Mohan, Braj
245 ## - TITLE STATEMENT
Title Let's Play English:
Remainder of title Activities for Language Teaching/
Statement of responsibility, etc Braj Mohan
260 ## - PUBLICATION, DISTRIBUTION, ETC. (IMPRINT)
Place of publication, distribution, etc New Delhi
Name of publisher, distributor, etc Viva Books Private Limited
Date of publication, distribution, etc 2017
270 ## - ADDRESS
City New Delhi
Address 4737/23, Ansari Road, Daryaganj
Postal code 110002
Electronic mail address vivadelhi@vivagroupindia.net
300 ## - PHYSICAL DESCRIPTION
Extent 100p.
Dimensions 24cm(pbk)
942 ## - ADDED ENTRY ELEMENTS (KOHA)
Source of classification or shelving scheme Dewey Decimal Classification
Item type English Books
Call number suffix MOH
Classification part 488.0071
Holdings
Withdrawn status Lost status Not for loan Collection code Home library Current library Date acquired Source of acquisition Cost, normal purchase price Full call number Barcode Copy number Cost, replacement price Koha item type
      Non-fiction Sarojini Nagar Sarojini Nagar 11/04/2022 DBAD/PUB 450.00 488.0071 MOH EN-115796 1 450.00 English Books

© Delhi Public Library
Hit Counter
free hit counter